000 00685nam a22002417a 4500
001 34150
003 UA-OsUOA
005 20211005122307.0
007 ta
008 20050926b un ||||| |||| 00| 0 ukr d
040 _aUA-OsUOA
_brus
_cUA-OsUOA
_dUA-OsUOA
041 _arus
080 _a821.161.1
090 _a821.161.1
_bЧ-88
100 _aЧуковский К.
245 _aСобрание сочинений в двух томах
260 _aМ.
_bПравда
_c1990
300 _a620 с.
505 _gТ. 2
_tКритические рассказы
650 7 _a82 Література. Літературознавство
_2UDC
942 _cBK
_2udc
955 _a3
999 _c320582
_d320582